000 01397nam a2200241Ia 4500
003 Ost
005 20260507075411.0
008 260507s9999||||xx |||||||||||||| ||und||
020 _a×159212977
040 _cfsecg
041 _aara
082 _a330
100 _aمصطفى، أحمد فريد
_eمؤلف
245 0 _aدراسة الجدوى الإقتصادية للمشروعات الإستثمارية /
_c أحمد فريد مصطفى
260 _aالإسكندرية:
_bمؤسسة شباب الجامعة,
_c2009
300 _a235 صفحة؛
_bإيضاحات ؛
_c25 سم
504 _aالمراجع ص.231
520 _aيضم الإطار العام لدراسة جدوى المشروعات، تصنيفات دراسة جدوى المشروعات، دراسة جدوى التسويقية، الأساليب المستخدمة في تقدير حجم الطلب، دراسة الجدوى الفنية والهندسية، نماذج تقويم المشروعات الإستثمارية، التحليل الرئيسي للربحية القومية، تقويم المشروعات من منظور إسلامي، دراسة جدوى مبدئية لإنتاج مواد تلدين البلاستيك (حالة علمية)
653 _aالجدوى الإقتصادية
653 _aالمشروعات- إستثمار
653 _aدراسة الجدوى
942 _cكتاب
999 _c44391
_d44391